[Event "Eger Agria op 40th"]
[Site "Eger"]
[Date "2016.07.21"]
[Round "5"]
[White "Pota, Lajos"]
[Black "Patai, Tamas"]
[Result "1/2-1/2"]
[WhiteElo "1646"]
[BlackElo "1747"]
[PlyCount "43"]
[EventDate "2016.07.18"]
[EventType "swiss"]
[EventRounds "8"]
[EventCountry "HUN"]
[SourceTitle "EXT 2020"]
[Source "ChessBase"]
[SourceDate "2019.10.17"]
[SourceVersion "1"]
[SourceVersionDate "2019.10.17"]
[SourceQuality "1"]

1. d4 f5 2. e4 fxe4 3. f3 e6 4. Bf4 Nc6 5. fxe4 Nf6 6. Bd3 g6 7. Nf3 Bg7 8. e5 Nd5 9. Bg5 Nde7 10. 0-0 0-0 11. Nbd2 d6 12. exd6 cxd6 13. c3 e5 14. d5 Qb6+ 15. Kh1 Nxd5 16. Nc4 Qc7 17. Bxg6 Be6 18. Be4 Nxc3 19. Bxh7+ Kh8 20. Qxd6 Qxd6 21. Nxd6 Kxh7 22. bxc3 1/2-1/2

[Event "Eger Agria op 40th"]
[Site "Eger"]
[Date "2016.07.20"]
[Round "4"]
[White "Patai, Tamas"]
[Black "Nagy, Hunor"]
[Result "0-1"]
[WhiteElo "1747"]
[BlackElo "1988"]
[PlyCount "74"]
[EventDate "2016.07.18"]
[EventType "swiss"]
[EventRounds "8"]
[EventCountry "HUN"]
[SourceTitle "EXT 2020"]
[Source "ChessBase"]
[SourceDate "2019.10.17"]
[SourceVersion "1"]
[SourceVersionDate "2019.10.17"]
[SourceQuality "1"]

1. e4 e5 2. Nf3 Nc6 3. Bb5 f5 4. d3 fxe4 5. dxe4 Nf6 6. 0-0 Bc5 7. Nc3 d6 8. Bg5 h6 9. Bxf6 Qxf6 10. Qd5 Bd7 11. Na4 Bb6 12. Nxb6 axb6 13. a3 g5 14. Nd2 Ke7 15. Bc4 Raf8 16. c3 h5 17. a4 h4 18. b4 Nd8 19. a5 bxa5 20. bxa5 g4 21. a6 bxa6 22. Rxa6 Ne6 23. Ra7 Nf4 24. Qa5 Nh3+ 25. gxh3 Qg5 26. Kh1 g3 27. Qxc7 g2+ 28. Kg1 gxf1Q+ 29. Kxf1 Rd8 30. Ke2 Rhf8 31. Bd5 Rxf2+ 32. Kxf2 Qxd2+ 33. Kg1 Qe3+ 34. Kh1 Qxh3 35. Ra1 Qf3+ 36. Kg1 h3 37. Ra2 Rf8 0-1

[Event "HUN-chT2 Erkel 1516"]
[Site "Hungary"]
[Date "2016.02.28"]
[Round "8.10"]
[White "Baranyi, Robert"]
[Black "Patai, Tamas"]
[Result "1-0"]
[WhiteElo "1763"]
[BlackElo "1757"]
[PlyCount "63"]
[EventDate "2015.09.13"]
[EventType "team-tourn"]
[EventRounds "11"]
[EventCountry "HUN"]
[SourceTitle "EXT 2017"]
[Source "ChessBase"]
[SourceDate "2016.10.25"]
[SourceVersion "1"]
[SourceVersionDate "2016.10.25"]
[SourceQuality "1"]
[WhiteTeam "Jaszbereny"]
[BlackTeam "Salgotarjan"]
[WhiteTeamCountry "HUN"]
[BlackTeamCountry "HUN"]

1. e4 e5 2. Nf3 Nf6 3. d4 Nxe4 4. Nxe5 d5 5. Bd3 Nd7 6. Bf4 Nxe5 7. Bxe5 Nf6 8. 0-0 Be7 9. Re1 0-0 10. Nd2 Be6 11. c3 c5 12. Qc2 g6 13. Rad1 Ng4 14. dxc5 Bxc5 15. Bg3 Qb6 16. Nb3 Rae8 17. h3 Nh6 18. Qd2 Kg7 19. Bf4 Ng8 20. Nxc5 Qxc5 21. b4 Qc6 22. a4 Rc8 23. Bb5 Qb6 24. Be5+ Nf6 25. Qf4 Qd8 26. Re3 a6 27. Rf3 Bf5 28. Bd3 Rc6 29. Bxf5 gxf5 30. Qxf5 Rg8 31. Qg5+ Kf8 32. Qh6+ 1-0